Gminy GZM na mapie - Statystyki

Ogólne statystyki
  • Ten quiz został rozwiązany 37 razy
  • Średni wynik to 24 z 41
Odpowiedzi na mapie
Odpowiedzi zakodowano w zielono-czerwonej skali na mapie do tego quizu, zgodnie z poniższymi procentami.
 
Statystyki odpowiedzi
Miejscowość % Poprawnych
Gliwice
100%
Katowice
100%
Bytom
95%
Sosnowiec
95%
Zabrze
95%
Chorzów
91%
Dąbrowa Górnicza
86%
Mysłowice
86%
Ruda Śląska
86%
Siemianowice Śląskie
86%
Tychy
86%
Będzin
82%
Świętochłowice
82%
Piekary Śląskie
77%
Tarnowskie Góry
77%
Mikołów
73%
Czeladź
68%
Bieruń
64%
Lędziny
64%
Knurów
55%
Sławków
50%
Łaziska Górne
45%
Radzionków
45%
Siewierz
45%
Wojkowice
45%
Imielin
41%
Kobiór
41%
Świerklaniec
41%
Bobrowniki
36%
Bojszowy
36%
Chełm Śląski
36%
Pyskowice
36%
Rudziniec
36%
Sośnicowice
32%
Wyry
32%
Zbrosławice
32%
Mierzęcice
27%
Ożarowice
27%
Psary
27%
Gierałtowice
23%
Pilchowice
14%
Nie znaleziono quizów pasujących do podanych kryteriów
Rozkład punktacji
Procent ludzi z każdym wynikiem
Percentyl według liczby udzielonych odpowiedzi
Twoja historia wyników
Nie rozwiązałeś tego quizu